[Event "Olomouc Chess Summer 2022 - D"]
[Site "Olomouc (CZE), Hotel Flora"]
[Date "2022.08.15"]
[Round "4"]
[Board "15"]
[White "Zeman, Ladislav"]
[Black "Spanton, Tim R"]
[Result "1-0"]
[WhiteElo "1755"]
[BlackElo "1852"]
[PlyCount "0"]
[EventDate "2022.08.13"]
[EventRounds "9"]
[EventCountry "CZE"]

1. e4 {[%clk 1:30:53]} e5 {[%clk 1:30:53]} 2. Nf3 {[%clk 1:31:15]} Nc6
{[%clk 1:31:18]} 3. d4 {[%clk 1:31:19]} exd4 {[%clk 1:31:42]} 4. Nxd4
{[%clk 1:31:44]} Qf6 {[%clk 1:32:07]} 5. Be3 {[%clk 1:31:59]} Bc5
{[%clk 1:32:26]} 6. c3 {[%clk 1:32:21]} Nge7 {[%clk 1:32:50]} 7. Be2
{[%clk 1:26:47]} O-O {[%clk 1:31:23]} 8. O-O {[%clk 1:26:56]} d5 {[%clk 1:29:12]}
9. Nxc6 {[%clk 1:25:50]} Qxc6 {[%clk 1:29:31]} 10. Bxc5 {[%clk 1:24:48]} Qxc5
{[%clk 1:29:50]} 11. Nd2 {[%clk 1:24:59]} Be6 {[%clk 1:28:52]} 12. Qc2
{[%clk 1:24:24]} Rad8 {[%clk 1:28:15]} 13. Bd3 {[%clk 1:21:55]} h6
{[%clk 1:27:17]} 14. Rfe1 {[%clk 1:18:17]} Rd7 {[%clk 1:25:43]} 15. Re3
{[%clk 1:16:22]} d4 {[%clk 1:24:38]} 16. Rg3 {[%clk 1:04:16]} dxc3
{[%clk 1:24:43]} 17. bxc3 Rfd8 18. Nf1 {[%clk 1:00:31]} Nc6 {[%clk 1:22:44]} 19.
Rb1 {[%clk 0:59:26]} Bc4 {[%clk 1:20:30]} 20. Bxc4 {[%clk 0:57:48]} Qxc4
{[%clk 1:20:48]} 21. Ne3 {[%clk 0:56:25]} Qd3 {[%clk 1:19:46]} 22. Qxd3
{[%clk 0:50:49]} Rxd3 {[%clk 1:20:09]} 23. Nd5 {[%clk 0:51:13]} Rd2
{[%clk 1:19:39]} 24. a3 {[%clk 0:50:01]} Ne5 {[%clk 1:19:22]} 25. h3
{[%clk 0:48:39]} c6 {[%clk 1:12:58]} 26. Ne7+ {[%clk 0:48:52]} Kf8
{[%clk 1:12:31]} 27. Rxb7 {[%clk 0:49:13]} Rd1+ {[%clk 1:05:43]} 28. Kh2
{[%clk 0:48:59]} R8d7 {[%clk 1:00:41]} 29. Rxd7 {[%clk 0:49:05]} Rxd7
{[%clk 1:01:03]} 30. Nf5 {[%clk 0:49:22]} f6 {[%clk 1:00:40]} 31. Nd4
{[%clk 0:49:26]} c5 {[%clk 1:00:35]} 32. Ne6+ {[%clk 0:49:29]} Kf7
{[%clk 1:00:45]} 33. Nxc5 {[%clk 0:49:51]} Rd2 {[%clk 1:00:18]} 34. f4
{[%clk 0:49:40]} Nc4 {[%clk 0:59:45]} 35. a4 {[%clk 0:49:54]} g6 {[%clk 0:57:08]}
36. Rd3 {[%clk 0:37:35]} Rxd3 {[%clk 0:57:30]} 37. Nxd3 {[%clk 0:38:00]} Ke6
{[%clk 0:57:50]} 38. h4 {[%clk 0:26:13]} Kd6 {[%clk 0:56:09]} 39. Kh3
{[%clk 0:21:14]} a5 {[%clk 0:54:36]} 40. Kg4 {[%clk 0:20:19]} Nb6
{[%clk 0:54:30]} 41. Nb2 {[%clk 0:20:18]} Kc5 {[%clk 0:53:57]} 42. h5
{[%clk 0:19:46]} gxh5+ {[%clk 0:53:14]} 43. Kf5 {[%clk 0:19:18]} Nd7
{[%clk 0:53:12]} 44. Ke6 {[%clk 0:19:21]} Kc6 {[%clk 0:53:29]} 45. Nd3
{[%clk 0:18:51]} Nb6 {[%clk 0:53:32]} 46. Nb2 {[%clk 0:18:59]} Nd7
{[%clk 0:53:50]} 47. e5 {[%clk 0:17:53]} fxe5 {[%clk 0:53:57]} 48. fxe5
{[%clk 0:18:20]} Nc5+ {[%clk 0:54:16]} 49. Kf5 {[%clk 0:18:12]} Kd5
{[%clk 0:54:26]} 50. c4+ {[%clk 0:18:36]} Kc6 {[%clk 0:54:28]} 51. Kg6
{[%clk 0:18:01]} Kd7 {[%clk 0:54:41]} 52. Kxh6 {[%clk 0:18:11]} Ke6
{[%clk 0:54:56]} 53. Kxh5 {[%clk 0:18:30]} Kxe5 {[%clk 0:55:20]} 54. g4
{[%clk 0:18:48]} Kf6 {[%clk 0:54:53]} 55. Kh6 {[%clk 0:17:15]} Ne4
{[%clk 0:55:05]} 56. Nd3 {[%clk 0:17:21]} Ng5 {[%clk 0:54:42]} 57. c5
{[%clk 0:15:44]} Nf7+ {[%clk 0:54:55]} 58. Kh5 {[%clk 0:15:03]} Nd8
{[%clk 0:55:09]} 59. g5+ {[%clk 0:15:08]} Kf5 {[%clk 0:55:28]} 60. g6
{[%clk 0:14:08]} Ne6 {[%clk 0:54:28]} 61. c6 {[%clk 0:12:34]} Kf6
{[%clk 0:54:19]} 62. Kh6 {[%clk 0:12:26]}  1-0

[Event "Olomouc Chess Summer 2022 - D"]
[Site "Olomouc (CZE), Hotel Flora"]
[Date "2022.08.16"]
[Round "5"]
[Board "1"]
[White "Lorenc, Oldrich"]
[Black "Sejkora, Vlastimil"]
[Result "1/2-1/2"]
[WhiteElo "2111"]
[BlackElo "2151"]
[PlyCount "0"]
[EventDate "2022.08.13"]
[EventRounds "9"]
[EventCountry "CZE"]

1. c4 {[%clk 1:30:53]} Nf6 {[%clk 1:30:59]} 2. Nc3 {[%clk 1:31:06]} g6
{[%clk 1:31:28]} 3. g3 {[%clk 1:31:28]} Bg7 {[%clk 1:31:48]} 4. Bg2
{[%clk 1:31:51]} O-O {[%clk 1:32:09]} 5. d4 {[%clk 1:31:43]} d6 {[%clk 1:32:37]}
6. Nf3 {[%clk 1:30:54]} Nc6 {[%clk 1:32:58]} 7. O-O {[%clk 1:31:08]} a6
{[%clk 1:33:27]} 8. b3 {[%clk 1:30:52]} Bg4 {[%clk 1:32:10]} 9. Bb2
{[%clk 1:28:03]} e5 {[%clk 1:28:58]} 10. dxe5 {[%clk 1:24:22]} dxe5
{[%clk 1:29:11]} 11. h3 {[%clk 1:23:47]} Bf5 {[%clk 1:22:55]} 12. g4
{[%clk 1:15:44]} Bc8 {[%clk 1:19:13]} 13. Qxd8 {[%clk 1:13:24]} Rxd8
{[%clk 1:19:33]} 14. Rad1 {[%clk 1:13:47]} Re8 {[%clk 1:13:13]} 15. g5
{[%clk 1:03:52]} Nh5 {[%clk 1:09:32]} 16. e3 {[%clk 0:54:02]} Be6
{[%clk 1:05:36]} 17. Nh2 {[%clk 0:52:26]} h6 {[%clk 0:55:45]} 18. Ne4
{[%clk 0:50:25]} hxg5 {[%clk 0:54:54]} 19. Nxg5 {[%clk 0:50:32]} Bc8
{[%clk 0:54:16]} 20. Bd5 {[%clk 0:46:21]} Nd8 {[%clk 0:54:44]} 21. Ng4
{[%clk 0:46:15]} c6 {[%clk 0:54:15]} 22. Bg2 {[%clk 0:43:58]} f6 {[%clk 0:53:28]}
23. Ne4 {[%clk 0:43:11]} Nf7 24. Nd6 Nxd6 {[%clk 0:47:30]} 25. Rxd6
{[%clk 0:43:32]} Be6 {[%clk 0:43:18]} 26. Bc3 {[%clk 0:42:20]} Bf8
{[%clk 0:43:11]} 27. Rd2 {[%clk 0:42:38]} a5 {[%clk 0:43:16]} 28. a4
{[%clk 0:39:27]} Be7 {[%clk 0:42:10]} 29. Rfd1 {[%clk 0:39:11]} Ra6
{[%clk 0:39:22]} 30. Rb2 {[%clk 0:35:42]} Ng7 {[%clk 0:39:12]} 31. Bf1
{[%clk 0:31:33]} Nf5 {[%clk 0:38:39]} 32. f4 {[%clk 0:22:56]} exf4
{[%clk 0:35:30]} 33. exf4 {[%clk 0:23:05]} Kf7 {[%clk 0:35:11]} 34. Re1
{[%clk 0:21:11]} Bc5+ {[%clk 0:35:10]} 35. Kh2 {[%clk 0:21:19]} Bd6
{[%clk 0:33:07]} 36. Re4 {[%clk 0:16:18]} Be7 {[%clk 0:23:11]} 37. Rbe2
{[%clk 0:15:44]} c5 {[%clk 0:23:39]} 38. Bg2 {[%clk 0:12:52]} Bd7
{[%clk 0:23:23]} 39. Rd2 {[%clk 0:08:54]} Bc6 {[%clk 0:22:06]} 40. Ree2
{[%clk 0:08:00]} Bd6 {[%clk 0:22:25]} 41. Bxc6 {[%clk 0:07:26]} Bxf4+
{[%clk 0:22:40]} 42. Kg1 {[%clk 0:07:12]} Rxc6 {[%clk 0:20:36]} 43. Rd7+
{[%clk 0:07:13]} Kf8 {[%clk 0:13:13]} 44. Rxe8+ {[%clk 0:06:37]} Kxe8
{[%clk 0:13:42]} 45. Rxb7  1/2-1/2

[Event "Olomouc Chess Summer 2022 - D"]
[Site "Olomouc (CZE), Hotel Flora"]
[Date "2022.08.16"]
[Round "5"]
[Board "2"]
[White "Nemec, Pavel"]
[Black "Stigar, Petter"]
[Result "1/2-1/2"]
[WhiteElo "2159"]
[BlackElo "2212"]
[PlyCount "0"]
[EventDate "2022.08.13"]
[EventRounds "9"]
[EventCountry "CZE"]

1. e4 {[%clk 1:30:56]} c6 {[%clk 1:30:49]} 2. d4 {[%clk 1:31:17]} d5
{[%clk 1:31:13]} 3. Nc3 {[%clk 1:31:38]} dxe4 {[%clk 1:31:34]} 4. Nxe4
{[%clk 1:32:05]} Nf6 {[%clk 1:31:47]} 5. Nxf6+ {[%clk 1:32:20]} exf6
{[%clk 1:32:12]} 6. Bc4 {[%clk 1:32:26]} Bd6 {[%clk 1:29:58]} 7. Qe2+
{[%clk 1:32:42]} Qe7 {[%clk 1:30:17]} 8. Qxe7+ {[%clk 1:33:01]} Kxe7
{[%clk 1:30:29]} 9. Ne2 {[%clk 1:32:46]} Bf5 {[%clk 1:28:50]} 10. Bb3
{[%clk 1:32:16]} a5 {[%clk 1:27:02]} 11. c3 {[%clk 1:28:57]} a4 {[%clk 1:23:25]}
12. Bd1 {[%clk 1:29:25]} Nd7 {[%clk 1:22:38]} 13. Ng3 {[%clk 1:24:32]} Be6
{[%clk 1:10:46]} 14. Ne4 {[%clk 1:24:22]} Bc7 {[%clk 1:03:09]} 15. O-O
{[%clk 1:21:42]} Rhe8 {[%clk 1:02:53]} 16. Nc5 {[%clk 1:07:21]}  1/2-1/2

[Event "Olomouc Chess Summer 2022 - D"]
[Site "Olomouc (CZE), Hotel Flora"]
[Date "2022.08.16"]
[Round "5"]
[Board "3"]
[White "Cap, Piotr"]
[Black "Kubicek, Antonin"]
[Result "1/2-1/2"]
[WhiteElo "2025"]
[BlackElo "2084"]
[PlyCount "0"]
[EventDate "2022.08.13"]
[EventRounds "9"]
[EventCountry "CZE"]

1. d4 {[%clk 1:30:56]} Nf6 {[%clk 1:30:52]} 2. Bg5 {[%clk 1:31:14]} g6
{[%clk 1:29:37]} 3. Bxf6 {[%clk 1:30:55]} exf6 {[%clk 1:30:05]} 4. e3
{[%clk 1:30:58]} Bg7 {[%clk 1:30:06]} 5. g3 {[%clk 1:30:56]} O-O {[%clk 1:28:07]}
6. Bg2 {[%clk 1:31:19]} d5 {[%clk 1:27:45]} 7. Ne2 {[%clk 1:31:12]} c6
{[%clk 1:27:57]} 8. Nd2 {[%clk 1:30:21]} f5 {[%clk 1:26:39]} 9. O-O
{[%clk 1:30:38]} Nd7 {[%clk 1:26:09]} 10. b4 {[%clk 1:25:54]} Nf6
{[%clk 1:23:34]} 11. Nb3 {[%clk 1:24:55]} Qd6 {[%clk 1:19:13]} 12. a3
{[%clk 1:24:16]} h5 {[%clk 1:16:53]} 13. Qd3 {[%clk 1:19:52]} h4 {[%clk 1:11:00]}
14. c4 {[%clk 1:16:45]} hxg3 {[%clk 1:10:33]} 15. hxg3 {[%clk 1:17:02]} dxc4
{[%clk 1:05:59]} 16. Qxc4 {[%clk 1:17:15]} Be6 {[%clk 1:06:23]} 17. Qc2
{[%clk 1:13:51]} Bd5 {[%clk 1:05:36]} 18. Nf4 {[%clk 1:12:34]} Bxg2
{[%clk 1:05:53]} 19. Kxg2 {[%clk 1:11:48]} Nd5 {[%clk 1:01:26]} 20. Nxd5
{[%clk 0:56:38]} Qxd5+ {[%clk 1:01:42]} 21. Kg1 {[%clk 0:57:05]} Bf6
{[%clk 0:55:05]} 22. Nd2 {[%clk 0:55:47]} Rfe8 {[%clk 0:51:26]} 23. Qc5
{[%clk 0:53:44]} Qd7 {[%clk 0:50:59]} 24. Rab1 {[%clk 0:52:51]} f4
{[%clk 0:49:39]} 25. exf4 {[%clk 0:49:50]} Bxd4 {[%clk 0:49:47]} 26. Qg5
{[%clk 0:47:21]} Kg7 {[%clk 0:44:20]} 27. Rbd1 {[%clk 0:37:11]} Rh8
{[%clk 0:41:09]} 28. f5 {[%clk 0:26:59]} Rh5 {[%clk 0:34:01]} 29. Qg4
{[%clk 0:25:50]} Bf6 {[%clk 0:24:45]} 30. Ne4 {[%clk 0:22:07]} Qxf5
{[%clk 0:24:25]} 31. Qxf5 {[%clk 0:22:18]} Rxf5 {[%clk 0:24:31]} 32. Rd7
{[%clk 0:19:20]} Be5 {[%clk 0:17:42]} 33. Rxb7 {[%clk 0:18:02]} a5
{[%clk 0:12:08]} 34. b5 {[%clk 0:14:14]} cxb5 {[%clk 0:12:31]} 35. Rxb5
{[%clk 0:14:36]} Bd4 {[%clk 0:11:25]} 36. Rfb1 {[%clk 0:10:17]} Rxb5
{[%clk 0:09:12]} 37. Rxb5 {[%clk 0:10:29]} Re8 {[%clk 0:09:14]} 38. Nd6
{[%clk 0:08:39]} Re5 {[%clk 0:05:02]} 39. Rxe5 {[%clk 0:05:04]} Bxe5
{[%clk 0:04:31]} 40. Nc4 {[%clk 0:05:25]} Bc3 {[%clk 0:04:36]} 41. Kf1
{[%clk 0:02:46]} Kf6 {[%clk 0:04:01]} 42. Ke2 {[%clk 0:02:18]} Ke6
{[%clk 0:02:02]} 43. g4 {[%clk 0:01:29]}  1/2-1/2

[Event "Olomouc Chess Summer 2022 - D"]
[Site "Olomouc (CZE), Hotel Flora"]
[Date "2022.08.16"]
[Round "5"]
[Board "4"]
[White "Bartos, Jan"]
[Black "Mikulas, Dusan"]
[Result "1-0"]
[WhiteElo "2137"]
[BlackElo "2045"]
[PlyCount "0"]
[EventDate "2022.08.13"]
[EventRounds "9"]
[EventCountry "CZE"]

1. d4 {[%clk 1:30:57]} d5 {[%clk 1:29:16]} 2. Nf3 {[%clk 1:31:18]} Nf6
{[%clk 1:29:42]} 3. c4 {[%clk 1:31:44]} e6 {[%clk 1:30:10]} 4. g3
{[%clk 1:31:59]} Be7 {[%clk 1:30:08]} 5. Bg2 {[%clk 1:31:40]} Nbd7
{[%clk 1:30:21]} 6. O-O {[%clk 1:32:01]} O-O {[%clk 1:30:47]} 7. Nbd2
{[%clk 1:32:08]} c6 {[%clk 1:29:10]} 8. Qc2 {[%clk 1:32:27]} Qc7 {[%clk 1:27:43]}
9. e4 {[%clk 1:32:01]} dxe4 {[%clk 1:28:03]} 10. Nxe4 {[%clk 1:32:26]} Nxe4
{[%clk 1:28:25]} 11. Qxe4 {[%clk 1:32:50]} Nf6 {[%clk 1:28:46]} 12. Qc2
{[%clk 1:33:09]} c5 {[%clk 1:19:42]} 13. Bf4 {[%clk 1:28:03]} Qb6
{[%clk 1:12:05]} 14. dxc5 {[%clk 1:23:45]} Qxc5 {[%clk 1:03:41]} 15. Rfd1
{[%clk 1:18:35]} a5 {[%clk 0:59:38]} 16. Be3 {[%clk 1:02:05]} Qh5
{[%clk 0:56:42]} 17. h3 {[%clk 0:56:40]} a4 {[%clk 0:46:19]} 18. Bg5
{[%clk 0:51:30]} h6 {[%clk 0:40:01]} 19. g4 {[%clk 0:50:58]} Qg6 {[%clk 0:40:18]}
20. Qxg6 {[%clk 0:51:20]} fxg6 {[%clk 0:40:44]} 21. Be3 {[%clk 0:48:37]} Ra5
{[%clk 0:39:22]} 22. Bb6 {[%clk 0:44:23]} Ra6 {[%clk 0:38:30]} 23. Bd4
{[%clk 0:44:47]} Rd6 {[%clk 0:35:10]} 24. Be5 {[%clk 0:34:00]} Rb6
{[%clk 0:32:59]} 25. Nd4 {[%clk 0:24:44]} Nd7 {[%clk 0:27:33]} 26. Bg3
{[%clk 0:23:38]} Bf6 {[%clk 0:24:21]} 27. Rab1 {[%clk 0:23:38]} e5
{[%clk 0:19:05]} 28. Bd5+ {[%clk 0:19:32]} Kh7 {[%clk 0:19:18]} 29. Ne6
{[%clk 0:19:52]} Rh8 {[%clk 0:18:20]} 30. b4 {[%clk 0:19:35]} axb3
{[%clk 0:17:57]} 31. axb3 {[%clk 0:19:55]} Nb8 {[%clk 0:15:42]} 32. Nc5
{[%clk 0:16:58]} Na6 {[%clk 0:13:52]} 33. Nd3 {[%clk 0:16:09]} e4
{[%clk 0:12:55]} 34. Bxe4 {[%clk 0:14:30]} Re6 {[%clk 0:12:47]} 35. f3
{[%clk 0:13:35]} Bd4+ {[%clk 0:08:48]} 36. Bf2 {[%clk 0:13:48]} Bxf2+
{[%clk 0:08:54]} 37. Kxf2 {[%clk 0:14:08]} Rf8 {[%clk 0:09:08]} 38. Kg3
{[%clk 0:14:02]} b6 {[%clk 0:08:10]} 39. h4 {[%clk 0:12:34]} Nc5 {[%clk 0:04:07]}
40. Nxc5 {[%clk 0:12:31]} bxc5 {[%clk 0:04:34]} 41. h5 {[%clk 0:12:51]}  1-0

[Event "Olomouc Chess Summer 2022 - D"]
[Site "Olomouc (CZE), Hotel Flora"]
[Date "2022.08.16"]
[Round "5"]
[Board "5"]
[White "Dusbaba, Karel"]
[Black "Krejci, Jan"]
[Result "1-0"]
[WhiteElo "2005"]
[BlackElo "2055"]
[PlyCount "0"]
[EventDate "2022.08.13"]
[EventRounds "9"]
[EventCountry "CZE"]

1. c4 {[%clk 1:30:56]} e5 {[%clk 1:30:53]} 2. Nc3 {[%clk 1:31:14]} Nc6
{[%clk 1:31:17]} 3. g3 {[%clk 1:31:22]} Bc5 {[%clk 1:31:38]} 4. Bg2
{[%clk 1:31:45]} d6 {[%clk 1:32:01]} 5. d3 {[%clk 1:29:28]} Nge7 {[%clk 1:31:51]}
6. Nf3 {[%clk 1:26:43]} a6 {[%clk 1:31:55]} 7. O-O {[%clk 1:26:38]} Ba7
{[%clk 1:32:18]} 8. Bd2 {[%clk 1:24:18]} O-O {[%clk 1:32:31]} 9. Qc1
{[%clk 1:22:52]} Be6 {[%clk 1:20:36]} 10. Be3 {[%clk 1:19:53]} Qd7
{[%clk 1:17:38]} 11. Bxa7 {[%clk 1:19:51]} Rxa7 {[%clk 1:17:55]} 12. Rd1
{[%clk 1:19:05]} Bg4 {[%clk 1:07:10]} 13. Qe3 {[%clk 1:10:31]} f5
{[%clk 1:01:28]} 14. Nd5 {[%clk 1:06:57]} Raa8 {[%clk 0:55:34]} 15. Nxe7+
{[%clk 1:05:52]} Qxe7 {[%clk 0:53:49]} 16. Qd2 {[%clk 0:57:40]} f4
{[%clk 0:49:57]} 17. b4 {[%clk 0:53:51]} Rab8 {[%clk 0:47:46]} 18. a4
{[%clk 0:52:15]} Bxf3 {[%clk 0:47:16]} 19. Bxf3 {[%clk 0:52:42]} Nd4
{[%clk 0:47:34]} 20. Bd5+ {[%clk 0:52:51]} Kh8 {[%clk 0:47:57]} 21. Ra2
{[%clk 0:52:06]} c6 {[%clk 0:45:15]} 22. Bg2 {[%clk 0:50:24]} g5 {[%clk 0:44:54]}
23. e3 {[%clk 0:48:29]} Ne6 {[%clk 0:44:42]} 24. exf4 {[%clk 0:48:28]} gxf4
{[%clk 0:45:04]} 25. Re1 {[%clk 0:45:32]} Qg7 {[%clk 0:41:57]} 26. Qe2
{[%clk 0:42:07]} Nd4 {[%clk 0:40:32]} 27. Qe4 {[%clk 0:41:58]} Rf5
{[%clk 0:36:16]} 28. b5 {[%clk 0:40:11]} a5 {[%clk 0:34:21]} 29. Rb1
{[%clk 0:38:43]} c5 {[%clk 0:34:04]} 30. b6 {[%clk 0:38:49]} Rf7 {[%clk 0:31:54]}
31. Qe1 {[%clk 0:38:48]} f3 {[%clk 0:31:19]} 32. Bf1 {[%clk 0:34:53]} Nc6
{[%clk 0:29:32]} 33. Qd2 {[%clk 0:33:05]} Nb4 {[%clk 0:29:40]} 34. Raa1
{[%clk 0:32:51]} Qg6 {[%clk 0:28:50]} 35. Re1 {[%clk 0:32:47]} Rc8
{[%clk 0:27:44]} 36. Re4 {[%clk 0:32:01]} Rc6 {[%clk 0:27:35]} 37. Rae1
{[%clk 0:31:49]} Rxb6 {[%clk 0:27:08]} 38. Rh4 {[%clk 0:32:06]} Rf6
{[%clk 0:27:08]} 39. Ree4 {[%clk 0:32:28]} Qg7 {[%clk 0:23:18]} 40. h3
{[%clk 0:23:59]} Rc6 {[%clk 0:21:05]} 41. Reg4 {[%clk 0:19:00]} Rg6
{[%clk 0:20:48]} 42. Rxg6 {[%clk 0:18:58]} Qxg6 {[%clk 0:21:11]} 43. Qe3
{[%clk 0:19:11]} Qf5 {[%clk 0:16:15]} 44. g4 {[%clk 0:17:39]} Qf8
{[%clk 0:16:10]} 45. Qg5 {[%clk 0:04:27]} Rc7 {[%clk 0:15:47]} 46. Rh6
{[%clk 0:04:31]} Rf7 {[%clk 0:07:15]} 47. Qh5 {[%clk 0:03:15]} Kg8
{[%clk 0:05:34]} 48. g5 {[%clk 0:01:37]} Rg7 {[%clk 0:01:27]} 49. Kh1
{[%clk 0:01:46]} Nc6 {[%clk 0:01:14]} 50. d4 {[%clk 0:01:52]} e4 {[%clk 0:28:44]}
51. g6 {[%clk 0:27:15]} Ne7 {[%clk 0:26:47]} 52. gxh7+ {[%clk 0:24:37]} Kh8
{[%clk 0:26:59]} 53. Rxd6 {[%clk 0:24:48]} e3 {[%clk 0:24:55]} 54. fxe3
{[%clk 0:24:08]} f2 {[%clk 0:24:56]} 55. Qe5 {[%clk 0:24:04]} Nf5
{[%clk 0:19:44]} 56. Rg6 {[%clk 0:22:10]} Nxe3 {[%clk 0:16:00]} 57. Rxg7
{[%clk 0:22:28]} Qxg7 {[%clk 0:16:23]} 58. Qe8+ {[%clk 0:22:18]} Kxh7
{[%clk 0:16:46]} 59. Bd3+ {[%clk 0:22:35]}  1-0

[Event "Olomouc Chess Summer 2022 - D"]
[Site "Olomouc (CZE), Hotel Flora"]
[Date "2022.08.16"]
[Round "5"]
[Board "6"]
[White "Molnar, Jiri"]
[Black "Mlynek, Petr"]
[Result "0-1"]
[WhiteElo "1797"]
[BlackElo "2047"]
[PlyCount "0"]
[EventDate "2022.08.13"]
[EventRounds "9"]
[EventCountry "CZE"]

1. e4 {[%clk 1:28:00]} c6 {[%clk 1:30:46]} 2. d4 {[%clk 1:28:04]} d5
{[%clk 1:31:07]} 3. exd5 {[%clk 1:28:13]} cxd5 {[%clk 1:31:28]} 4. Bd3
{[%clk 1:28:25]} Nc6 {[%clk 1:31:47]} 5. c3 {[%clk 1:28:31]} Nf6 {[%clk 1:32:06]}
6. h3 {[%clk 1:28:30]} g6 {[%clk 1:32:13]} 7. Nf3 {[%clk 1:28:37]} Bg7
{[%clk 1:32:29]} 8. O-O {[%clk 1:27:39]} Bf5 {[%clk 1:32:15]} 9. Re1
{[%clk 1:27:04]} O-O {[%clk 1:32:14]} 10. Bf4 {[%clk 1:24:37]} e6
{[%clk 1:31:04]} 11. Ne5 {[%clk 1:24:08]} Qb6 {[%clk 1:29:01]} 12. Re2
{[%clk 1:21:13]} Rac8 {[%clk 1:27:02]} 13. Bxf5 {[%clk 1:18:12]} gxf5
{[%clk 1:24:40]} 14. Qb3 {[%clk 1:17:14]} Qa6 {[%clk 1:14:15]} 15. Qd1
{[%clk 1:16:17]} Ne4 {[%clk 1:10:30]} 16. Qd3 {[%clk 1:13:04]} Qxd3
{[%clk 1:01:42]} 17. Nxd3 {[%clk 1:12:54]} Na5 {[%clk 1:00:58]} 18. Nd2
{[%clk 1:10:02]} Rfd8 {[%clk 0:56:30]} 19. f3 {[%clk 1:08:54]} Nxd2
{[%clk 0:55:48]} 20. Rxd2 {[%clk 1:07:04]} Nc4 {[%clk 0:54:59]} 21. Re2
{[%clk 1:06:46]} Rc6 {[%clk 0:54:54]} 22. Rae1 {[%clk 1:02:08]} a5
{[%clk 0:53:48]} 23. Ne5 {[%clk 1:00:04]} Nxe5 {[%clk 0:53:19]} 24. Bxe5
{[%clk 1:00:04]} b5 {[%clk 0:53:26]} 25. Bf4 {[%clk 0:56:44]} b4 {[%clk 0:53:10]}
26. Bd2 {[%clk 0:57:03]} bxc3 {[%clk 0:52:22]} 27. Bxc3 {[%clk 0:55:59]} a4
{[%clk 0:52:03]} 28. a3 {[%clk 0:55:45]} Rc4 {[%clk 0:52:16]} 29. Kf2
{[%clk 0:55:26]} Bxd4+ {[%clk 0:51:29]} 30. Bxd4 {[%clk 0:55:31]} Rxd4
{[%clk 0:51:53]} 31. Rc2 {[%clk 0:55:03]} Rb8 {[%clk 0:49:22]} 32. Ke3
{[%clk 0:55:14]} Rc4 {[%clk 0:49:22]} 33. Rxc4 {[%clk 0:54:14]} dxc4
{[%clk 0:49:45]} 34. Re2 {[%clk 0:54:24]} e5 {[%clk 0:50:04]} 35. Rc2
{[%clk 0:54:29]} Rb3+ {[%clk 0:48:56]} 36. Kd2 {[%clk 0:54:43]} c3+
{[%clk 0:48:36]} 37. bxc3 {[%clk 0:54:19]} Rxa3 {[%clk 0:48:46]} 38. Kd3
{[%clk 0:54:09]} Kf8 {[%clk 0:46:14]} 39. Kc4 {[%clk 0:54:23]} Ke7
{[%clk 0:45:09]} 40. Kd5 {[%clk 0:53:26]} f6 {[%clk 0:45:22]} 41. Kc6
{[%clk 0:53:32]} Rb3 {[%clk 0:44:51]} 42. c4 {[%clk 0:53:47]} a3 {[%clk 0:43:41]}
43. Rd2 {[%clk 0:53:56]} e4 {[%clk 0:42:57]} 44. fxe4 {[%clk 0:52:44]} fxe4
{[%clk 0:43:19]} 45. Re2 {[%clk 0:52:55]} f5 {[%clk 0:43:06]} 46. g4
{[%clk 0:53:07]} Ke6 {[%clk 0:43:19]} 47. gxf5+ {[%clk 0:53:27]} Kxf5
{[%clk 0:43:41]} 48. Rf2+ {[%clk 0:52:47]} Ke5 {[%clk 0:42:38]} 49. c5
{[%clk 0:52:38]} Rb2 {[%clk 0:42:45]} 50. Rf7 {[%clk 0:52:54]} a2
{[%clk 0:43:03]} 51. Ra7 {[%clk 0:53:04]} e3 {[%clk 0:43:20]} 52. Kc7
{[%clk 0:51:27]} e2 {[%clk 0:43:30]} 53. Ra8 {[%clk 0:51:49]} Kd5
{[%clk 0:43:43]}  0-1

[Event "Olomouc Chess Summer 2022 - D"]
[Site "Olomouc (CZE), Hotel Flora"]
[Date "2022.08.16"]
[Round "5"]
[Board "7"]
[White "Zeman, Ladislav"]
[Black "Vales, Vaclav"]
[Result "0-1"]
[WhiteElo "1755"]
[BlackElo "2036"]
[PlyCount "0"]
[EventDate "2022.08.13"]
[EventRounds "9"]
[EventCountry "CZE"]

1. e4 {[%clk 1:30:55]} c5 {[%clk 1:30:57]} 2. Nc3 {[%clk 1:31:15]} Nc6
{[%clk 1:31:22]} 3. g3 {[%clk 1:31:37]} g6 {[%clk 1:31:48]} 4. Bg2
{[%clk 1:31:59]} Bg7 {[%clk 1:32:12]} 5. d3 {[%clk 1:32:21]} e6 {[%clk 1:31:45]}
6. Nf3 {[%clk 1:32:34]} Nge7 {[%clk 1:31:26]} 7. Be3 {[%clk 1:32:38]} Nd4
{[%clk 1:31:04]} 8. O-O {[%clk 1:31:11]} Nec6 {[%clk 1:30:27]} 9. a3
{[%clk 1:28:13]} O-O {[%clk 1:29:34]} 10. Rb1 {[%clk 1:28:30]} Rb8
{[%clk 1:29:23]} 11. Ne2 {[%clk 1:27:13]} e5 {[%clk 1:15:33]} 12. c3
{[%clk 1:24:36]} Nxf3+ {[%clk 1:12:36]} 13. Bxf3 {[%clk 1:24:58]} d6
{[%clk 1:12:58]} 14. Qd2 {[%clk 1:20:34]} Re8 {[%clk 1:11:36]} 15. b4
{[%clk 1:16:38]} b6 {[%clk 1:11:40]} 16. Bh6 {[%clk 1:12:52]} Bh8
{[%clk 1:11:27]} 17. Bg2 {[%clk 1:11:38]} Qe7 {[%clk 1:08:01]} 18. b5
{[%clk 1:06:25]} Nd8 {[%clk 1:08:26]} 19. c4 {[%clk 1:06:48]} f6 {[%clk 1:07:53]}
20. Be3 {[%clk 1:06:55]} Ne6 {[%clk 1:04:20]} 21. Nc3 {[%clk 1:00:44]} Nc7
{[%clk 1:03:00]} 22. a4 {[%clk 0:56:44]} Bg7 {[%clk 1:00:58]} 23. Bh6
{[%clk 0:54:31]} Bh8 {[%clk 0:57:46]} 24. h4 {[%clk 0:54:27]} Bb7
{[%clk 0:55:12]} 25. g4 {[%clk 0:43:55]} Ne6 {[%clk 0:52:50]} 26. Be3
{[%clk 0:41:12]} g5 {[%clk 0:51:03]} 27. hxg5 {[%clk 0:36:35]} fxg5
{[%clk 0:51:25]} 28. Ne2 {[%clk 0:36:51]} Nf4 {[%clk 0:47:28]} 29. Ng3
{[%clk 0:37:13]} Bg7 {[%clk 0:44:54]} 30. Nf5 {[%clk 0:36:58]} Qf6
{[%clk 0:42:17]} 31. Bf3 {[%clk 0:26:41]} Kf7 {[%clk 0:39:26]} 32. Bxf4
{[%clk 0:18:28]} exf4 {[%clk 0:26:53]} 33. Kg2 {[%clk 0:16:54]} Rh8
{[%clk 0:25:37]} 34. Rh1 {[%clk 0:17:14]} h6 {[%clk 0:25:30]} 35. a5
{[%clk 0:12:24]} Rbd8 {[%clk 0:20:26]} 36. a6 {[%clk 0:12:37]} Bc8
{[%clk 0:20:42]} 37. Nxg7 {[%clk 0:12:32]} Qxg7 {[%clk 0:19:14]} 38. Bd1
{[%clk 0:12:12]} Ke6 {[%clk 0:18:13]} 39. f3 {[%clk 0:12:07]} Qd4
{[%clk 0:17:17]} 40. Rh5 {[%clk 0:11:31]} Rd7 {[%clk 0:16:12]} 41. Bc2
{[%clk 0:11:54]} Rdh7 {[%clk 0:16:07]} 42. Re1 {[%clk 0:11:21]} Ke5
{[%clk 0:16:28]} 43. Reh1 {[%clk 0:09:58]} Be6 {[%clk 0:16:44]} 44. Qe2
{[%clk 0:10:03]} Bf7 {[%clk 0:15:28]} 45. R5h2 {[%clk 0:10:05]} h5
{[%clk 0:13:45]} 46. gxh5 {[%clk 0:09:26]} Bxh5 {[%clk 0:14:09]} 47. Bd1
{[%clk 0:09:12]} Qc3 {[%clk 0:10:17]} 48. Qf1 {[%clk 0:08:57]} Qd2+
{[%clk 0:07:12]} 49. Qe2 {[%clk 0:09:03]} Bxf3+ {[%clk 0:05:27]} 50. Kxf3
{[%clk 0:09:27]} Rxh2 {[%clk 0:05:52]} 51. Rxh2 {[%clk 0:09:51]} Rxh2
{[%clk 0:06:05]} 52. Qxd2 Rxd2  0-1